| 000 | 00767nam a2200229 a 4500 | ||
|---|---|---|---|
| 005 | 20251203063947.0 | ||
| 008 | 020923s1993 mx r 000 0 spa d | ||
| 020 | _a9507011544 | ||
| 035 | _aUPN01000119509 | ||
| 049 | _aCG | ||
| 050 | 4 |
_aLB1050.53 _bE7.3 no.7 |
|
| 100 | 1 | _aGonzález Gómez, Ana | |
| 245 | 1 | 3 |
_aLa producción de textos en un programa de lectura / _cAna González Gómez, María Elvira Charria de Alonso. |
| 260 |
_aBuenos Aires : _bAique, _c1993. |
||
| 300 | _a53 p. | ||
| 440 | 3 |
_aLa escuela y la formación de lectores autónomos ; _v7 |
|
| 650 | 4 |
_aNIÑOS COMO AUTORES _910037 |
|
| 650 | 4 |
_aExpresión oral _91525 |
|
| 650 | 4 |
_aIntereses en la lectura _94851 |
|
| 700 | 1 |
_aCharria de Alonso, María Elvira, _ecoaut. _942863 |
|
| 905 | _aLibro | ||
| 999 |
_c91863 _d91863 |
||